Aircrete tongue-and-groove block masonry (Record no. 104407)
[ view plain ]
| 000 -LEADER | |
|---|---|
| fixed length control field | 00891cam a2200229 4500 |
| 001 - CONTROL NUMBER | |
| control field | L130238 |
| 008 - FIXED-LENGTH DATA ELEMENTS--GENERAL INFORMATION | |
| fixed length control field | 020917n2005 000 0 eng u |
| 020 ## - INTERNATIONAL STANDARD BOOK NUMBER | |
| International Standard Book Number | 1860817572 |
| 035 ## - SYSTEM CONTROL NUMBER | |
| System control number | (Sirsi) u130238 |
| 050 ## - LIBRARY OF CONGRESS CALL NUMBER | |
| Classification number | 693.4 |
| -- | 18 |
| 100 ## - MAIN ENTRY--PERSONAL NAME | |
| Personal name | Ferguson, W. A. |
| 245 ## - TITLE STATEMENT | |
| Title | Aircrete tongue-and-groove block masonry |
| Remainder of title | performance evaluation and guidance |
| 260 ## - PUBLICATION, DISTRIBUTION, ETC. | |
| Place of publication, distribution, etc. | Watford |
| Name of publisher, distributor, etc. | BRE |
| Date of publication, distribution, etc. | 2005 |
| 300 ## - PHYSICAL DESCRIPTION | |
| Extent | 7p. |
| Dimensions | 30cm. |
| 490 ## - SERIES STATEMENT | |
| Series statement | BRE Information Paper |
| Volume/sequential designation | 7/05 |
| 520 ## - SUMMARY, ETC. | |
| Summary, etc. | Information paper gives an introductory guide to construction best practice using this system and gives the background research on the key aspects of its performance. |
| 590 ## - LOCAL NOTE (RLIN) | |
| Local note | IKA190705 |
| 690 ## - LOCAL SUBJECT ADDED ENTRY--TOPICAL TERM (OCLC, RLIN) | |
| Topical term or geographic name as entry element | BUILT ENVIRONMENT-BUILDING MATERIALS-CEMENTITIOUS, CONCRETE AND MINERAL BOUND MATERIALS |
| 710 ## - ADDED ENTRY--CORPORATE NAME | |
| Corporate name or jurisdiction name as entry element | Building Research Establishment |
| 710 ## - ADDED ENTRY--CORPORATE NAME | |
| Corporate name or jurisdiction name as entry element | United Kingdom |
| Subordinate unit | Department of Trade and Industry |
| 942 ## - ADDED ENTRY ELEMENTS (KOHA) | |
| Suppress in OPAC | 0 |
| Withdrawn status | Lost status | Source of classification or shelving scheme | Damaged status | Not for loan | Home library | Current library | Shelving location | Date acquired | Total Checkouts | Full call number | Barcode | Date last seen | Copy number | Price effective from | Koha item type |
|---|---|---|---|---|---|---|---|---|---|---|---|---|---|---|---|
| Dewey Decimal Classification | London | London | BRE publications | 15/07/2005 | ENQUIRY DESK | 30067596 | 06/08/2019 | 1 | 06/08/2019 | Book |